[Event "SVK-chT2D 1718"]
[Site "Slovakia"]
[Date "2018.03.18"]
[Round "11.8"]
[White "Husek, Zdenek"]
[Black "Kall, Dusan"]
[Result "1/2-1/2"]
[WhiteElo "1856"]
[BlackElo "1777"]
[PlyCount "79"]
[EventDate "2017.10.28"]
[EventType "team-tourn"]
[EventRounds "11"]
[EventCountry "SVK"]
[SourceTitle "EXT 2020"]
[Source "ChessBase"]
[SourceDate "2019.10.17"]
[SourceVersion "1"]
[SourceVersionDate "2019.10.17"]
[SourceQuality "1"]
[WhiteTeam "Kosice Slavia UPJS III"]
[BlackTeam "Presov Tatran II"]
[WhiteTeamCountry "SVK"]
[BlackTeamCountry "SVK"]

1. d4 Nf6 2. Nf3 b6 3. c4 c5 4. d5 g6 5. Nc3 Bg7 6. e4 d6 7. Bd3 0-0 8. 0-0 Bg4 9. h3 Bxf3 10. Qxf3 Nbd7 11. Qe2 Ne5 12. Bc2 e6 13. Bg5 h6 14. Bh4 g5 15. Bg3 Ng6 16. dxe6 fxe6 17. Rad1 e5 18. Nd5 Nf4 19. Bxf4 gxf4 20. Nxf6+ Rxf6 21. Qf3 Rg6 22. Rd5 Rc8 23. Rfd1 Qe7 24. R1d2 Bf8 25. Bd1 Qg5 26. Qg4 Rc7 27. Qxg5 Rxg5 28. Bf3 Rb7 29. R5d3 h5 30. Rd1 b5 31. Rb3 a6 32. cxb5 Rxb5 33. Be2 Rxb3 34. Bc4+ Kg7 35. Bxb3 h4 36. f3 Kf6 37. Bc4 a5 38. Rd3 Rg7 39. Rb3 Ra7 40. Rb8 1/2-1/2

[Event "SVK-chT2D 1718"]
[Site "Slovakia"]
[Date "2018.02.04"]
[Round "7.8"]
[White "Kovesi, Ladislav"]
[Black "Husek, Zdenek"]
[Result "1-0"]
[WhiteElo "1970"]
[BlackElo "1878"]
[PlyCount "107"]
[EventDate "2017.10.28"]
[EventType "team-tourn"]
[EventRounds "11"]
[EventCountry "SVK"]
[SourceTitle "EXT 2019"]
[Source "ChessBase"]
[SourceDate "2018.10.10"]
[SourceVersion "1"]
[SourceVersionDate "2018.10.10"]
[SourceQuality "1"]
[WhiteTeam "Kosice 1 CC"]
[BlackTeam "Kosice Slavia UPJS III"]
[WhiteTeamCountry "SVK"]
[BlackTeamCountry "SVK"]

1. d4 d5 2. Nf3 Nf6 3. g3 Bf5 4. Bg2 e6 5. 0-0 c5 6. c4 cxd4 7. Nxd4 Be4 8. f3 Bg6 9. Nc3 Bc5 10. Kh1 0-0 11. cxd5 Nxd5 12. Nxd5 exd5 13. Be3 Qb6 14. Rc1 Nd7 15. Qd2 Rfe8 16. Bg1 Ne5 17. b3 Nd7 18. Qb2 Re7 19. Rfd1 Rae8 20. Bh3 Qd6 21. Nb5 Qb6 22. Bxd7 Rxe2 23. Bxc5 Qd8 24. Rd2 Re1+ 25. Rxe1 Rxe1+ 26. Kg2 Qxd7 27. Re2 Rb1 28. Qe5 h5 29. Qe8+ Qxe8 30. Rxe8+ Kh7 31. Re2 Bd3 32. Na3 Rd1 33. Rf2 b6 34. Be3 Re1 35. Bd4 Rd1 36. Be3 Re1 37. Bf4 Ra1 38. Rd2 Bf1+ 39. Kf2 Bh3 40. Nb5 a6 41. Nc7 a5 42. Nxd5 b5 43. Nc7 a4 44. Nxb5 axb3 45. axb3 Rb1 46. Nd4 f6 47. Bd6 Rf1+ 48. Ke3 Re1+ 49. Ne2 Be6 50. b4 Bc4 51. Rb2 Bb5 52. Bc5 g5 53. Kf2 g4 54. Kxe1 1-0

[Event "SVK-chT2D 1718"]
[Site "Slovakia"]
[Date "2018.01.14"]
[Round "6.7"]
[White "Matirko, Ervin"]
[Black "Husek, Zdenek"]
[Result "1/2-1/2"]
[WhiteElo "1760"]
[BlackElo "1878"]
[PlyCount "20"]
[EventDate "2017.10.28"]
[EventType "team-tourn"]
[EventRounds "11"]
[EventCountry "SVK"]
[SourceTitle "EXT 2019"]
[Source "ChessBase"]
[SourceDate "2018.10.10"]
[SourceVersion "1"]
[SourceVersionDate "2018.10.10"]
[SourceQuality "1"]
[WhiteTeam "Moldava nad Bodvou"]
[BlackTeam "Kosice Slavia UPJS III"]
[WhiteTeamCountry "SVK"]
[BlackTeamCountry "SVK"]

1. d4 d5 2. c4 dxc4 3. Nf3 Nf6 4. Nc3 g6 5. e3 Bg7 6. Bxc4 0-0 7. 0-0 Bg4 8. Bd3 Nc6 9. h3 Bc8 10. a3 Nd5 1/2-1/2

[Event "SVK-chT2D 1516"]
[Site "Slovakia"]
[Date "2016.02.13"]
[Round "8.6"]
[White "Dujava, Daniel"]
[Black "Husek, Zdenek"]
[Result "1/2-1/2"]
[WhiteElo "1863"]
[BlackElo "1920"]
[PlyCount "26"]
[EventDate "2015.10.17"]
[EventType "team-tourn"]
[EventRounds "11"]
[EventCountry "SVK"]
[SourceTitle "EXT 2017"]
[Source "ChessBase"]
[SourceDate "2016.10.25"]
[SourceVersion "1"]
[SourceVersionDate "2016.10.25"]
[SourceQuality "1"]
[WhiteTeam "Sabinov II"]
[BlackTeam "Kosice Slavia UPJS III"]
[WhiteTeamCountry "SVK"]
[BlackTeamCountry "SVK"]

1. e4 e5 2. Nf3 d6 3. d4 Nf6 4. Nc3 Nbd7 5. Bc4 Be7 6. 0-0 0-0 7. Qe2 c6 8. a4 Nh5 9. Rd1 Nf4 10. Qe3 Qc7 11. Bb3 Bf6 12. dxe5 dxe5 13. Ne2 Nxe2+ 1/2-1/2

[Event "SVK-chT2D 1516"]
[Site "Slovakia"]
[Date "2015.12.06"]
[Round "6.6"]
[White "Savina, Miroslav"]
[Black "Husek, Zdenek"]
[Result "1/2-1/2"]
[WhiteElo "1819"]
[BlackElo "1920"]
[PlyCount "31"]
[EventDate "2015.10.17"]
[EventType "team-tourn"]
[EventRounds "11"]
[EventCountry "SVK"]
[SourceTitle "CBM 170 Extra"]
[Source "ChessBase"]
[SourceDate "2016.02.25"]
[SourceVersion "1"]
[SourceVersionDate "2016.02.25"]
[SourceQuality "1"]
[WhiteTeam "Kosice Dynamo"]
[BlackTeam "Kosice Slavia UPJS III"]
[WhiteTeamCountry "SVK"]
[BlackTeamCountry "SVK"]

1. e4 e5 2. Nc3 Nc6 3. Nf3 Nf6 4. Bb5 d6 5. d4 exd4 6. Nxd4 Bd7 7. Nxc6 bxc6 8. Bc4 Be6 9. Bb3 Bxb3 10. axb3 Nd7 11. Be3 Nb6 12. 0-0 Be7 13. f4 0-0 14. Qg4 Qc8 15. Qxc8 Rfxc8 16. Ra5 1/2-1/2

[Event "SVK-chT2D 10/11"]
[Site "Slovakia"]
[Date "2011.02.06"]
[Round "7.67"]
[White "Kontra, Miroslav"]
[Black "Husek, Zdenek"]
[Result "1-0"]
[WhiteElo "1872"]
[BlackElo "2073"]
[PlyCount "93"]
[EventDate "2010.10.23"]
[EventType "team-tourn"]
[EventRounds "11"]
[EventCountry "SVK"]
[SourceTitle "EXT 2019"]
[Source "ChessBase"]
[SourceDate "2018.10.10"]
[SourceVersion "1"]
[SourceVersionDate "2018.10.10"]
[SourceQuality "1"]
[WhiteTeam "Michalovce Zemplin II"]
[BlackTeam "Kosice Slavia UPJS IV"]
[WhiteTeamCountry "SVK"]
[BlackTeamCountry "SVK"]

1. e4 e5 2. Nf3 d6 3. d4 Nf6 4. dxe5 Nxe4 5. Bc4 c6 6. 0-0 d5 7. Bd3 Nc5 8. Bf4 Be7 9. h3 0-0 10. c3 Nxd3 11. Qxd3 Nd7 12. Re1 Nc5 13. Qc2 h6 14. Nbd2 Be6 15. Rad1 Qc8 16. Nd4 a5 17. a3 a4 18. N2f3 Ne4 19. Nd2 Nc5 20. Be3 Bh4 21. Rf1 f5 22. N2f3 Be7 23. Nxe6 Qxe6 24. Bxc5 Bxc5 25. Rfe1 b5 26. Nd4 Bxd4 27. cxd4 Rf7 28. Qc5 Rc8 29. Rc1 Rfc7 30. Rc3 Qe7 31. Qb6 Rb7 32. Qa6 Qc7 33. Rec1 Qb6 34. Qxb6 Rxb6 35. Rc5 b4 36. axb4 Rxb4 37. Rxd5 Rxb2 38. Ra5 Rb4 39. d5 Kf7 40. Ra7+ Kg6 41. d6 Rd4 42. Rc7 Re8 43. f4 Rxf4 44. R7xc6 Kf7 45. d7 Rd8 46. e6+ Ke7 47. Rc8 1-0

[Event "SVK-chT2D 0910"]
[Site "Slovakia"]
[Date "2009.12.12"]
[Round "5.6"]
[White "Husek, Zdenek"]
[Black "Pribula, Frantisek"]
[Result "1-0"]
[WhiteElo "2075"]
[BlackElo "2076"]
[PlyCount "61"]
[EventDate "2009.10.10"]
[EventType "team"]
[EventRounds "11"]
[EventCountry "SVK"]
[SourceTitle "EXT 2011"]
[Source "ChessBase"]
[SourceDate "2010.11.26"]
[SourceVersion "1"]
[SourceVersionDate "2010.11.26"]
[SourceQuality "1"]
[WhiteTeam "Kosice Slavia III"]
[BlackTeam "Humenne"]
[WhiteTeamCountry "SVK"]
[BlackTeamCountry "SVK"]

1. d4 Nf6 2. c4 g6 3. Nc3 Bg7 4. e4 d6 5. Nf3 0-0 6. Be2 Nbd7 7. 0-0 e5 8. Be3 exd4 9. Bxd4 Re8 10. Qc2 Ne5 11. Rad1 Qe7 12. Nxe5 dxe5 13. Be3 Be6 14. Nd5 Nxd5 15. cxd5 Bd7 16. Qxc7 Rec8 17. Qxb7 Rab8 18. Qxa7 Rxb2 19. Bg4 Rd8 20. Rb1 Rxa2 21. Qxa2 Bxg4 22. h3 Bd7 23. Rb7 Qe8 24. Rc1 Bf8 25. Bc5 Rc8 26. Qa3 Bh6 27. Rcb1 Kg7 28. Qa7 Ra8 29. Qb6 Bf4 30. Qd6 Ba4 31. Rb8 1-0

[Event "SVK-chT2D 0809"]
[Site "Slovakia"]
[Date "2009.02.01"]
[Round "9.2"]
[White "Husek, Zdenek"]
[Black "Kontra, Miroslav"]
[Result "1/2-1/2"]
[WhiteElo "2109"]
[BlackElo "1814"]
[PlyCount "39"]
[EventDate "2008.10.11"]
[EventType "team-tourn"]
[EventRounds "11"]
[EventCountry "SVK"]
[SourceTitle "EXT 2010"]
[Source "ChessBase"]
[SourceDate "2010.11.25"]
[SourceVersion "1"]
[SourceVersionDate "2010.11.25"]
[SourceQuality "1"]
[WhiteTeam "Kosice Slavia UPJS III"]
[BlackTeam "Michalovce Zemplin II"]
[WhiteTeamCountry "SVK"]
[BlackTeamCountry "SVK"]

1. d4 d5 2. c4 e6 3. Nf3 Nf6 4. Nc3 Nbd7 5. Bg5 Be7 6. e3 0-0 7. a3 c5 8. Rc1 Re8 9. Bd3 dxc4 10. Bxc4 cxd4 11. exd4 Nb6 12. Ba2 Nfd5 13. Bxe7 Qxe7 14. 0-0 Bd7 15. Re1 Nxc3 16. Rxc3 Qf6 17. Ne5 Re7 18. Qd3 Nd5 19. Bxd5 exd5 20. Rec1 1/2-1/2

[Event "SVK-chT1E 0809"]
[Site "Slovakia"]
[Date "2008.12.13"]
[Round "5.6"]
[White "Fecko, Juraj"]
[Black "Husek, Zdenek"]
[Result "1/2-1/2"]
[WhiteElo "1884"]
[BlackElo "2109"]
[PlyCount "29"]
[EventDate "2008.10.18"]
[EventType "team-tourn"]
[EventRounds "11"]
[EventCountry "SVK"]
[SourceTitle "EXT 2010"]
[Source "ChessBase"]
[SourceDate "2010.11.25"]
[SourceVersion "1"]
[SourceVersionDate "2010.11.25"]
[SourceQuality "1"]
[WhiteTeam "Michalovce Zemplin"]
[BlackTeam "Kosice Slavia UPJS II"]
[WhiteTeamCountry "SVK"]
[BlackTeamCountry "SVK"]

1. e4 e5 2. Nf3 d6 3. d4 Nf6 4. Nc3 Nbd7 5. Bb5 c6 6. Bd3 Be7 7. 0-0 0-0 8. h3 h6 9. a4 b6 10. Be3 a6 11. Ne2 Re8 12. Ng3 Nf8 13. dxe5 dxe5 14. Qc1 Ng6 15. Rd1 1/2-1/2

[Event "SVK-chT1E 0809"]
[Site "Slovakia"]
[Date "2008.10.18"]
[Round "1.6"]
[White "Kopera, Michal"]
[Black "Husek, Zdenek"]
[Result "1/2-1/2"]
[WhiteElo "2141"]
[BlackElo "2109"]
[PlyCount "72"]
[EventDate "2008.10.18"]
[EventType "team-tourn"]
[EventRounds "11"]
[EventCountry "SVK"]
[SourceTitle "EXT 2010"]
[Source "ChessBase"]
[SourceDate "2010.11.25"]
[SourceVersion "1"]
[SourceVersionDate "2010.11.25"]
[SourceQuality "1"]
[WhiteTeam "Zilina Mladost"]
[BlackTeam "Kosice Slavia UPJS II"]
[WhiteTeamCountry "SVK"]
[BlackTeamCountry "SVK"]

1. e4 e5 2. Nf3 Nc6 3. Bb5 Nf6 4. d3 Be7 5. Bxc6 dxc6 6. Nxe5 0-0 7. h3 Nd7 8. Nxd7 Bxd7 9. 0-0 f5 10. f4 c5 11. Be3 Bc6 12. Nd2 fxe4 13. dxe4 b5 14. Qe2 c4 15. c3 Qd3 16. Qxd3 cxd3 17. Bd4 Bb7 18. b4 a5 19. a3 c5 20. bxc5 Rac8 21. Rf3 Bxc5 22. Rxd3 Rxf4 23. Bxc5 Rxc5 24. Rf1 Rxf1+ 25. Kxf1 Kf8 26. Kf2 Ke7 27. Nb3 Re5 28. Nxa5 Bxe4 29. Rg3 Kf6 30. c4 bxc4 31. Nxc4 Rc5 32. Nd2 Bd5 33. Rd3 Ra5 34. g3 h5 35. h4 g5 36. hxg5+ Kxg5 1/2-1/2

[Event "SVK-chT2D 0809"]
[Site "Slovakia"]
[Date "2008.10.12"]
[Round "2.2"]
[White "Pastierik, Jozef"]
[Black "Husek, Zdenek"]
[Result "0-1"]
[WhiteElo "1554"]
[BlackElo "2109"]
[PlyCount "70"]
[EventDate "2008.10.11"]
[EventType "team-tourn"]
[EventRounds "11"]
[EventCountry "SVK"]
[SourceTitle "EXT 2010"]
[Source "ChessBase"]
[SourceDate "2010.11.25"]
[SourceVersion "1"]
[SourceVersionDate "2010.11.25"]
[SourceQuality "1"]
[WhiteTeam "Spisska Nova Ves"]
[BlackTeam "Kosice Slavia UPJS III"]
[WhiteTeamCountry "SVK"]
[BlackTeamCountry "SVK"]

1. e4 e5 2. Nf3 d6 3. d4 Nd7 4. dxe5 dxe5 5. Bc4 c6 6. 0-0 Be7 7. Nc3 Ngf6 8. Bg5 0-0 9. Qe2 b5 10. Bd3 Qc7 11. Nh4 Nc5 12. h3 h6 13. Be3 Nxd3 14. cxd3 Nxe4 15. Nf3 Nxc3 16. bxc3 Bg5 17. Rfd1 Bf6 18. Bc5 Re8 19. Nd2 Be7 20. Nb3 a5 21. a4 Be6 22. c4 bxa4 23. Rxa4 Reb8 24. Bxe7 Rxb3 25. Bh4 c5 26. Bg3 f6 27. f4 Qc6 28. Rda1 e4 29. Be1 exd3 30. Qd2 Rab8 31. Bf2 Rb1+ 32. Rxb1 Rxb1+ 33. Kh2 Qxa4 34. Qxd3 Rd1 35. Qe2 Bxc4 0-1

[Event "SVK-chT1E 0708"]
[Site "Slovakia"]
[Date "2007.12.09"]
[Round "6.1"]
[White "Husek, Zdenek"]
[Black "Svrcek, Lubos"]
[Result "1/2-1/2"]
[WhiteElo "2153"]
[BlackElo "2104"]
[PlyCount "61"]
[EventDate "2007.10.13"]
[EventType "team-swiss"]
[EventRounds "11"]
[EventCountry "SVK"]
[SourceTitle "EXT 2009"]
[Source "ChessBase"]
[SourceDate "2008.11.26"]
[SourceVersion "1"]
[SourceVersionDate "2008.11.26"]
[SourceQuality "1"]
[WhiteTeam "Kosice Slavia UPJS II"]
[BlackTeam "Michalovce Zemplin"]
[WhiteTeamCountry "SVK"]
[BlackTeamCountry "SVK"]

1. d4 Nf6 2. Nf3 d5 3. c4 e6 4. Bg5 Be7 5. Nc3 0-0 6. e3 Nbd7 7. a3 c6 8. Rc1 a6 9. cxd5 exd5 10. Bd3 Ne4 11. Bf4 f5 12. Bxe4 dxe4 13. Ne5 Nxe5 14. Bxe5 Be6 15. Ne2 Rc8 16. 0-0 Qd7 17. b4 Rfd8 18. Qc2 b5 19. Rfe1 a5 20. Rb1 Bc4 21. Qc3 axb4 22. axb4 Ra8 23. d5 cxd5 24. Bxg7 Bxb4 25. Qxb4 Qxg7 26. Qc5 Ra2 27. Nd4 Rda8 28. Qd6 f4 29. Nf5 Qf8 30. Qe6+ Kh8 31. Qe5+ 1/2-1/2

[Event "SVK-chT 0405"]
[Site "Slovakia"]
[Date "2005.04.10"]
[Round "11"]
[White "Husek, Zdenek"]
[Black "Dlhy, Jozef"]
[Result "1-0"]
[WhiteElo "2178"]
[BlackElo "2105"]
[PlyCount "109"]
[EventDate "2004.11.13"]
[EventType "team-tourn"]
[EventRounds "11"]
[EventCountry "SVK"]
[SourceTitle "EXT 2019"]
[Source "ChessBase"]
[SourceDate "2018.10.10"]
[SourceVersion "1"]
[SourceVersionDate "2018.10.10"]
[SourceQuality "1"]
[WhiteTeam "Kosice Slavia"]
[BlackTeam "Nitra"]
[WhiteTeamCountry "SVK"]
[BlackTeamCountry "SVK"]

1. d4 Nf6 2. c4 g6 3. Nf3 Bg7 4. Nc3 d5 5. cxd5 Nxd5 6. e4 Nxc3 7. bxc3 c5 8. Be2 Nc6 9. Be3 Qa5 10. 0-0 0-0 11. Qb3 Qc7 12. Rac1 Na5 13. Qa3 c4 14. Bg5 f6 15. Bh4 e5 16. dxe5 fxe5 17. Be7 Re8 18. Bd6 Qc6 19. Rfd1 b6 20. Bxe5 Bxe5 21. Nxe5 Rxe5 22. Rd8+ Re8 23. Rcd1 Be6 24. R8d6 Qc7 25. f4 Rad8 26. e5 Rxd6 27. Rxd6 Qc8 28. Bf3 Rd8 29. g4 Rxd6 30. Qxd6 Qc5+ 31. Qxc5 bxc5 32. Kf2 Nb3 33. f5 gxf5 34. gxf5 Bxf5 35. Bd5+ Kf8 36. axb3 cxb3 37. Bxb3 Ke7 38. Ke3 a5 39. Kf4 Be6 40. Bc2 h6 41. Ke4 Ba2 42. Ba4 Ke6 43. h3 Bb1+ 44. Kf4 Ba2 45. Ke4 Bb1+ 46. Kf4 Kd5 47. Bd7 Bc2 48. Bf5 Bb3 49. Bd7 a4 50. Kf5 c4 51. e6 Kd6 52. Kf6 Bd1 53. Bb5 Kc5 54. e7 Bh5 55. Bxa4 1-0

[Event "SVK-chT 0405"]
[Site "Slovakia"]
[Date "2005.01.08"]
[Round "5"]
[White "Husek, Zdenek"]
[Black "Hlinka, Michal"]
[Result "0-1"]
[WhiteElo "2178"]
[BlackElo "2247"]
[PlyCount "128"]
[EventDate "2004.11.13"]
[EventType "team-tourn"]
[EventRounds "11"]
[EventCountry "SVK"]
[SourceTitle "EXT 2019"]
[Source "ChessBase"]
[SourceDate "2018.10.10"]
[SourceVersion "1"]
[SourceVersionDate "2018.10.10"]
[SourceQuality "1"]
[WhiteTeam "Kosice Slavia"]
[BlackTeam "Kosice Hydina"]
[WhiteTeamCountry "SVK"]
[BlackTeamCountry "SVK"]

1. d4 Nf6 2. c4 g6 3. Nf3 Bg7 4. Nc3 d6 5. g3 0-0 6. Bg2 Nbd7 7. Bg5 h6 8. Bf4 c5 9. d5 Nb6 10. b3 Nh5 11. Bd2 e5 12. dxe6 Bxe6 13. 0-0 d5 14. cxd5 Nxd5 15. Rc1 b6 16. Nxd5 Bxd5 17. Bc3 Re8 18. Bxg7 Nxg7 19. Rc3 Be4 20. Qc1 Qf6 21. Rc4 Bd5 22. Rc2 h5 23. Qf4 Qxf4 24. gxf4 Bxf3 25. Bxf3 Rad8 26. e3 Re6 27. Rd1 Red6 28. Rxd6 Rxd6 29. Kf1 Kf8 30. Ke2 Ke7 31. Rc4 Kd7 32. Bb7 Ne6 33. Be4 f5 34. Bd3 b5 35. Rc1 Kc6 36. Rg1 Kb6 37. Bc2 c4 38. bxc4 bxc4 39. Rb1+ Ka5 40. Rb7 a6 41. Rb8 Nc5 42. Rb1 Ne4 43. Bxe4 fxe4 44. Rc1 Kb4 45. Rb1+ Kc5 46. f3 exf3+ 47. Kxf3 c3 48. e4 Rd3+ 49. Ke2 Rh3 50. f5 gxf5 51. exf5 Rxh2+ 52. Kd3 c2 53. Rc1 Kd5 54. Re1 Rf2 55. f6 Rxf6 56. Kxc2 Re6 57. Rh1 Re5 58. Kd3 Ke6 59. Kd4 Kf6 60. Rh3 Ra5 61. a3 Kg5 62. Kc4 Kg4 63. Rh1 Rg5 64. Kb4 Kf3 0-1

[Event "SVK-chT 0405"]
[Site "Slovakia"]
[Date "2004.12.12"]
[Round "4"]
[White "Kovacik, Emil"]
[Black "Husek, Zdenek"]
[Result "1-0"]
[WhiteElo "2164"]
[BlackElo "2178"]
[PlyCount "69"]
[EventDate "2004.11.13"]
[EventType "team-tourn"]
[EventRounds "11"]
[EventCountry "SVK"]
[SourceTitle "EXT 2019"]
[Source "ChessBase"]
[SourceDate "2018.10.10"]
[SourceVersion "1"]
[SourceVersionDate "2018.10.10"]
[SourceQuality "1"]
[WhiteTeam "Dubnica nad Vahom"]
[BlackTeam "Kosice Slavia"]
[WhiteTeamCountry "SVK"]
[BlackTeamCountry "SVK"]

1. e4 e5 2. Nf3 d6 3. d4 Nf6 4. dxe5 Nxe4 5. Qd5 Nc5 6. Bg5 Qd7 7. Nc3 c6 8. Qd2 d5 9. h4 h6 10. Be3 Qc7 11. 0-0-0 Bg4 12. Qd4 Bf5 13. Qf4 Bh7 14. Nd4 Nbd7 15. e6 Ne5 16. exf7+ Kd8 17. b4 Bd6 18. bxc5 Nd3+ 19. Bxd3 Bxf4 20. Ne6+ Ke7 21. Nxc7 Bxc7 22. Bxh7 Rxh7 23. h5 Kxf7 24. Ne2 Rhh8 25. c4 Rhd8 26. cxd5 cxd5 27. Nc3 Rac8 28. Kb1 Ke6 29. Nb5 Be5 30. Rhe1 Kf6 31. f4 Bb8 32. Nc3 Ke6 33. f5+ Ke5 34. g4 b6 35. Bg5# 1-0